| 000 | 00426nam a22001217a 4500 | ||
|---|---|---|---|
| 008 | 230815b |||||||| |||| 00| 0 eng d | ||
| 020 | _a978-9400799875 | ||
| 050 |
_aS494.5 _b.E44 2011 |
||
| 245 |
_aEmerging Development of Agriculture in East Africa : _bMarkets, soil, and innovations/ _cEdited by Takashi Yamano, Keijiro Otsuka and Frank Place |
||
| 260 |
_aNew York _bSpringer _c2011 |
||
| 300 | _axvii, 214p. | ||
| 942 |
_2lcc _cBK |
||
| 999 |
_c20219 _d20218 |
||